The 365 ofs of life and poems / (Record no. 9917)

MARC details
000 -LEADER
fixed length control field 01498cam a22002777a 4500
001 - CONTROL NUMBER
control field 9917
003 - CONTROL NUMBER IDENTIFIER
control field FISKH
005 - DATE AND TIME OF LATEST TRANSACTION
control field 20260317095711.0
008 - FIXED-LENGTH DATA ELEMENTS--GENERAL INFORMATION
fixed length control field 000522s1997 tr a 000 0 eng d
010 ## - LIBRARY OF CONGRESS CONTROL NUMBER
LC control number 00317038
020 ## - INTERNATIONAL STANDARD BOOK NUMBER
International Standard Book Number 9781529088397
040 ## - CATALOGING SOURCE
Original cataloging agency BWS
Transcribing agency BWS
Modifying agency BWI
-- DLC
050 ## - LIBRARY OF CONGRESS CALL NUMBER
Classification number PR1175 .A165
082 ## - DEWEY DECIMAL CLASSIFICATION NUMBER
Classification number 821.008 LCC
100 1# - MAIN ENTRY--PERSONAL NAME
Personal name Joseph, George,
Dates associated with a name 1937-
245 14 - TITLE STATEMENT
Title The 365 ofs of life and poems /
Statement of responsibility, etc. by George 'Umbala' Joseph ; illustrations by Selwyn Quamina.
260 ## - PUBLICATION, DISTRIBUTION, ETC.
Place of publication, distribution, etc. Port of Spain, Trinidad :
Name of publisher, distributor, etc. Umbala International,
Date of publication, distribution, etc. 1997.
300 ## - PHYSICAL DESCRIPTION
Extent 524 pages :
Dimensions 25 cm
520 ## - SUMMARY, ETC.
Summary, etc. Discover the comfort of poetry with 365 Poems for Life, an uplifting collection from curator Allie Esiri. This nourishing poem-a-day collection offers readers a brief moment of escape from daily life through some of the warmest words in the English language. Whether you're searching for wisdom or looking to boost your wellbeing, dip into this anthology to share with others or enjoy a quiet moment of calm every day of the year. Explore a wide range of poets, including Ocean Vuong, Maya Angelou, Kae Tempest, Raymond Antrobus, Carol Ann Duffy and many more. The perfect gift for poetry lovers and newbies alike, this beautiful anthology brings a moment of solace every day of the year
650 #0 - SUBJECT ADDED ENTRY--TOPICAL TERM
Topical term or geographic name entry element Life
General subdivision Miscellanea.
650 #0 - SUBJECT ADDED ENTRY--TOPICAL TERM
Topical term or geographic name entry element Life
General subdivision Quotations, maxims, etc.
650 #0 - SUBJECT ADDED ENTRY--TOPICAL TERM
Topical term or geographic name entry element Life
General subdivision Poetry.
906 ## - LOCAL DATA ELEMENT F, LDF (RLIN)
a 7
b cbc
c copycat
d 3
e ncip
f 20
g y-gencatlg
942 ## - ADDED ENTRY ELEMENTS (KOHA)
Source of classification or shelving scheme Dewey Decimal Classification
Koha item type Books
Suppress in OPAC No
Holdings
Withdrawn status Lost status Source of classification or shelving scheme Damaged status Not for loan Collection Home library Current library Shelving location Date acquired Total Checkouts Full call number Barcode Date last seen Copy number Price effective from Koha item type
    Dewey Decimal Classification     Fiction Footprints International School Library Network Toul Kork Campus Footprints International School Library Network Toul Kork Campus A TK Campus, 4th Floor, Room B401, Fiction Bookcases (1-6) 03/17/2026   ESI 821.008 PR1175 .A165 2026-0321 03/17/2026 1 03/17/2026 Books